000 00447nam a2200157 4500
001 117035
003 ES-MaACL
005 20230906190821.0
007 t|
008 070228s1918 fr r ||||1| fre d
100 1 _aPasselecq, Fernand.
_989447
245 1 4 _aLes magistrature belge contre le despotisme allemand /
_cFernand Passelecq.
260 _aParis :
_bBerger-Levrault,
_c1918.
300 _a139 p. ;
_c17 cm.
852 _aES-MaACL
_jF-3321
999 _c117035
_d117035